000 00444nam a2200193Ia 4500
005 20240823010613.0
008 240823s9999||||xx |||||||||||||| ||und||
041 _aENGLISH
082 _A621.3813 P0
100 _aAnnapurna Das
245 0 _aMicrowave Engineering
250 _a1st
260 _c2000
_b"TMH,New Delhi"
500 _aYES
650 _aMicrowave
_bElectronics
700 _a Sisir K Das
942 _cBK
999 _c159102
_d159102